000
00364nam a2200145Ia 4500
008
231129s2008||||xx |||||||||||||| ||spa||
020
_a
978-958-44-2842-4
040
_b
spa
082
_a
Co863.6 T124d
100
_a
Tafur Humberto
245
0
_a
El desembarco
260
_c
2008
264
_a
Pijao Editores
942
_2
ddc
_c
BKS
999
_c
10828
_d
10828